Statistics for Countries without relations to North Korea

Click here to take the quiz!

General Stats

  • This quiz has been taken 38 times
  • The average score is 18 of 34

Answer Stats

ContinentCountry% Correct
North AmericaUnited States of America
88%
EuropeFrance
74%
AsiaSouth Korea
74%
South AmericaChile
68%
South AmericaArgentina
65%
South AmericaUruguay
62%
South AmericaBolivia
59%
South AmericaEcuador
59%
AsiaJapan
59%
OceaniaNauru
59%
EuropeAndorra
56%
North AmericaHonduras
56%
AsiaIsrael
56%
South AmericaParaguay
56%
OceaniaTonga
56%
North AmericaEl Salvador
53%
OceaniaKiribati
53%
North AmericaPanama
53%
AsiaTaiwan
53%
OceaniaTuvalu
53%
North AmericaHaiti
50%
OceaniaMarshall Islands
50%
OceaniaPalau
50%
OceaniaSolomon Islands
50%
EuropeEstonia
47%
OceaniaSamoa
47%
OceaniaMicronesia
44%
EuropeMonaco
41%
EuropeSan Marino
38%
EuropeKosovo
35%
AsiaBhutan
29%
AsiaSaudi Arabia
26%
AfricaBotswana
24%
AfricaMauritius
18%

Score Distribution

Percentile by Number Answered

Percent of People with Each Score

Your Score History

You have not taken this quiz